| 000 | 02466nam a2200337 a 4500 | ||
|---|---|---|---|
| 001 | ASIN0080966721 | ||
| 003 | Nust- CAS-E | ||
| 005 | 20180118181356.0 | ||
| 008 | 140305s2011 xxu eng d | ||
| 020 |
_a0080966721 _c$69.95 |
||
| 020 | _a9780080966724 | ||
| 040 | _c0 | ||
| 050 | 0 | 4 | _aQD921 |
| 050 | 0 | 4 | _aQD921 |
| 050 | 0 | 4 | _aQD921 |
| 050 | 0 | 4 | _aQD921 |
| 082 | 0 | 4 |
_a548.842 _bHUL 2011 |
| 100 | 1 | _aCambridge, Derek Hull Emeritus Goldsmith's Professor University of. | |
| 245 | 1 | 0 |
_aIntroduction to dislocations, fifth edition / _cDerek Hull Emeritus Goldsmith's Professor University of Cambridge, D. J. Bacon. |
| 250 | _a5th ed. | ||
| 260 |
_a[S.l.] : _bButterworth-Heinemann, _c2011. |
||
| 300 |
_a272 p. ; _c24 cm. |
||
| 520 | _aDislocations are defects in the crystal structure of important engineering materials, such as metals, ceramics and semi-conductors, that strongly influence the properties of these materials. Research on dislocations was intense when the first edition of this classic work was published in the 1960s. By incorporating later developments in subsequent editions whilst retaining a concise, accessible style, Introduction to Dislocations has become established as a key resource for students, graduates and researchers. No other book on the topic is as credible and, with this new edition, as up-to-date. Introduction to Dislocations is widely recognized to provide the essential knowledge base required for further study, research and technological application in the field. This update brings the book's coverage, references and context in line with the latest developments to ensure it remains a core reference for all those studying and working in the field today. Long-established academic reference by an expert author team, highly regarded for their contributions to the field. Uses minimal mathematics to present theory and applications in a detailed yet easy-to-read manner, making this an understandable introduction to a complex topic. Unlike the main competition, this new edition includes recent developments in the subject and up-to-date references to further reading and research sources. | ||
| 650 | 0 | _aDislocations in crystals | |
| 650 | 0 | _aDislocations in crystals | |
| 650 | 0 | _aDislocations in crystals | |
| 650 | 0 | _aDislocations in crystals | |
| 700 | 1 | _aBacon, D. J. | |
| 856 | 4 | 0 |
_3Amazon.com _uhttp://www.amazon.com/exec/obidos/ASIN/0080966721/chopaconline-20 |
| 942 |
_2ddc _cBK |
||
| 999 |
_c355282 _d355282 |
||